Science Quiz

Random Science or Animal Quiz

Find Five: Animals Quiz Stats

 Plays Quiz Updated Jul 28, 2016

Challenge
Share
Tweet
Embed
Score 0/50 Timer 05:00
25 Plays Today
% Correct
Eagle
94.4%
Cougar
90.1%
Wolf
90%
Beetle
89.6%
Vulture
88.7%
Coyote
88.6%
Dingo
88.2%
Lynx
87.7%
Leopard
87.6%
Tiger
87.5%
Heron
87.5%
Crab
87.4%
Crayfish
86.8%
Termite
86.5%
Zebra
85.9%
Donkey
85.7%
Dragonfly
85.2%
Shrimp
84.8%
Lobster
84.7%
Moth
84.2%
Iguana
84%
Komodo Dragon
83.5%
Spider Monkey
82.5%
Wild Ass
81.4%
Salmon
81.2%
% Correct
Earwig
80.9%
Bass
80.7%
Kingfisher
79.9%
Anaconda
79.9%
Fox
78.8%
Gibbon
77.6%
Gila Monster
75.7%
Mink
75.1%
Barnacle
74.1%
Haddock
73.5%
Badger
73%
Otter
72.4%
Perch
72.1%
Bonobo
72%
Grouper
70.7%
Swift
65.4%
Wolverine
57%
Stoat
49.4%
Tarsier
47.8%
Serval
45.2%
Skink
44.4%
Onager
34.3%
Galago
33.5%
Dhole
28.4%
Kiang
24.7%

You're not logged in!

Compare scores with friends on all Sporcle quizzes.
OR
Log In

You Might Also Like...

Show Comments

Extras

Top Quizzes Today


Score Distribution

Your Account Isn't Verified!

In order to create a playlist on Sporcle, you need to verify the email address you used during registration. Go to your Sporcle Settings to finish the process.

Report this User

Report this user for behavior that violates our Community Guidelines.

Details: